000 00896nam a22001697a 4500
003 OSt
005 20251124155811.0
008 251124b |||||||| |||| 00| 0 eng d
040 _cDCL
082 _a၂၉၄.၃၈၂၃၄
130 _aတိပိဋက။
_pသုတ္တန္တပိဋက။
_pအင်္ဂုတ္တရနိကာယ။
_tအင်္ဂုတ္ထိုရ်၊
_lအဋ္ဌကထာ။
245 _aအင်္ဂုတ္တိုရ်ဋ္ဌကထာ၊
_nပထမတွဲ ။
264 _aရန်ကုန် ၊
_bနိုင်ငံတော်ဗုဒ္ဓသာသနာအဖွဲ့၊
_c၂၀၀၃။
300 _a၄၆၃ စာမျက်နှာ ၊
_c၂၅ စင်တီ။
650 _aအင်္ဂုတ္တိုရ်
_vအဋ္ဌကထာ။
942 _2ddc
_cSHORT TERM
_n0
999 _c2605
_d2605